|
|
|
|
| LEADER |
00000nam0a2200000 4500 |
| 001 |
126765 |
| 005 |
20231031132010.0 |
| 020 |
|
|
|a RU
|b 82-18935ж
|
| 035 |
|
|
|a (RuTPU)RU\TPU\book\137129
|
| 090 |
|
|
|a 126765
|
| 100 |
|
|
|a 20071204d1981 k a0rusy5003 ca
|
| 101 |
0 |
|
|a rus
|
| 102 |
|
|
|a RU
|
| 105 |
|
|
|a a z 001zy
|
| 200 |
1 |
|
|a Динамика и прочность электрических машин
|e [сборник научных трудов]
|f Всесоюзный научно-исследовательский институт электромеханики (ВНИИЭМ) ; под ред. Э. Л. Позняк
|
| 210 |
|
|
|a Москва
|c Изд-во ВНИИЭМ
|d 1981
|
| 215 |
|
|
|a 176 с.
|c ил.
|
| 225 |
1 |
|
|a Труды Всесоюзного научно-исследовательского института электромеханики (ВНИИЭМ)
|v Т. 68
|
| 320 |
|
|
|a Библиография в конце статей
|
| 610 |
1 |
|
|a электрические машины
|
| 610 |
1 |
|
|a прочность
|
| 610 |
1 |
|
|a динамика
|
| 610 |
1 |
|
|a сборники
|
| 675 |
|
|
|a 621.313
|v 3
|
| 702 |
|
1 |
|a Позняк
|b Э. Л.
|4 340
|
| 712 |
0 |
2 |
|a Всесоюзный научно-исследовательский институт электромеханики (ВНИИЭМ)
|2 stltpush
|3 (RuTPU)RU\TPU\col\11816
|
| 801 |
|
0 |
|a RU
|b RuMRKP
|c 19950704
|g psbo
|
| 801 |
|
1 |
|a RU
|b 63413507
|c 20071204
|g PSBO
|
| 801 |
|
2 |
|a RU
|b 63413507
|c 20110628
|g PSBO
|
| 942 |
|
|
|c BK
|